<?xml version="1.0" encoding="UTF-8"?>
<record
    xmlns:xsi="http://www.w3.org/2001/XMLSchema-instance"
    xsi:schemaLocation="http://www.loc.gov/MARC21/slim http://www.loc.gov/standards/marcxml/schema/MARC21slim.xsd"
    xmlns="http://www.loc.gov/MARC21/slim">

  <leader>00889nam a2200277   4500</leader>
  <controlfield tag="001">000</controlfield>
  <controlfield tag="005">20150407113347.0</controlfield>
  <controlfield tag="007">000</controlfield>
  <controlfield tag="008">000 </controlfield>
  <datafield tag="010" ind1=" " ind2=" ">
    <subfield code="a">   82205342 </subfield>
  </datafield>
  <datafield tag="020" ind1=" " ind2=" ">
    <subfield code="a">0117101524 :</subfield>
    <subfield code="c">&#xA3;5.00</subfield>
  </datafield>
  <datafield tag="040" ind1=" " ind2=" ">
    <subfield code="a">UOEL</subfield>
    <subfield code="c">DLC</subfield>
    <subfield code="d">DLC</subfield>
  </datafield>
  <datafield tag="050" ind1="0" ind2="0">
    <subfield code="a">SD45</subfield>
    <subfield code="b">.A4 no. 59 1982</subfield>
    <subfield code="a">SB435</subfield>
  </datafield>
  <datafield tag="082" ind1="0" ind2="0">
    <subfield code="a">634.9 s</subfield>
    <subfield code="a">634.9/562</subfield>
    <subfield code="2">19</subfield>
  </datafield>
  <datafield tag="100" ind1="1" ind2=" ">
    <subfield code="a">Gordon, A. G.</subfield>
  </datafield>
  <datafield tag="245" ind1="1" ind2="0">
    <subfield code="a">Seed manual for ornamental trees and shrubs /</subfield>
    <subfield code="c">by A.G. Gordon and D.C.F. Rowe.</subfield>
  </datafield>
  <datafield tag="260" ind1=" " ind2=" ">
    <subfield code="a">London :</subfield>
    <subfield code="b">H.M.S.O.,</subfield>
    <subfield code="c">c1982.</subfield>
  </datafield>
  <datafield tag="300" ind1=" " ind2=" ">
    <subfield code="a">vi, 132 p. :</subfield>
    <subfield code="b">ill. ;</subfield>
    <subfield code="c">25 cm.</subfield>
  </datafield>
  <datafield tag="440" ind1=" " ind2="0">
    <subfield code="a">Forestry Commission bulletin ;</subfield>
    <subfield code="v">no. 59</subfield>
  </datafield>
  <datafield tag="504" ind1=" " ind2=" ">
    <subfield code="a">Includes bibliographical references and index.</subfield>
  </datafield>
  <datafield tag="650" ind1=" " ind2="0">
    <subfield code="a">Ornamental trees</subfield>
    <subfield code="x">Seeds</subfield>
    <subfield code="x">Handbooks, manuals, etc.</subfield>
  </datafield>
  <datafield tag="650" ind1=" " ind2="0">
    <subfield code="a">Ornamental shrubs</subfield>
    <subfield code="x">Seeds</subfield>
    <subfield code="x">Handbooks, manuals, etc.</subfield>
  </datafield>
  <datafield tag="700" ind1="1" ind2=" ">
    <subfield code="a">Rowe, D. C. F.</subfield>
  </datafield>
  <datafield tag="906" ind1=" " ind2=" ">
    <subfield code="a">7</subfield>
    <subfield code="b">cbc</subfield>
    <subfield code="c">orignew</subfield>
    <subfield code="d">3</subfield>
    <subfield code="e">ncip</subfield>
    <subfield code="f">19</subfield>
    <subfield code="g">y-gencatlg</subfield>
  </datafield>
  <datafield tag="942" ind1=" " ind2=" ">
    <subfield code="2">lcc</subfield>
    <subfield code="c">LL</subfield>
  </datafield>
  <datafield tag="999" ind1=" " ind2=" ">
    <subfield code="c">3903</subfield>
    <subfield code="d">3903</subfield>
  </datafield>
  <datafield tag="952" ind1=" " ind2=" ">
    <subfield code="0">0</subfield>
    <subfield code="1">0</subfield>
    <subfield code="2">lcc</subfield>
    <subfield code="4">0</subfield>
    <subfield code="7">0</subfield>
    <subfield code="a">UOE</subfield>
    <subfield code="b">UOE</subfield>
    <subfield code="c">GEN</subfield>
    <subfield code="d">2015-04-07</subfield>
    <subfield code="l">0</subfield>
    <subfield code="o">SD45 .A4 no. 59 1982</subfield>
    <subfield code="p">10062529</subfield>
    <subfield code="r">2026-04-27 12:10:21</subfield>
    <subfield code="t">10062529</subfield>
    <subfield code="w">2015-04-07</subfield>
    <subfield code="y">LL</subfield>
  </datafield>
  <datafield tag="952" ind1=" " ind2=" ">
    <subfield code="0">0</subfield>
    <subfield code="1">0</subfield>
    <subfield code="2">lcc</subfield>
    <subfield code="4">0</subfield>
    <subfield code="7">0</subfield>
    <subfield code="a">UOE</subfield>
    <subfield code="b">UOE</subfield>
    <subfield code="c">GEN</subfield>
    <subfield code="d">2015-04-07</subfield>
    <subfield code="l">0</subfield>
    <subfield code="o">SD45 .A4 no. 59 1982</subfield>
    <subfield code="p">20145895</subfield>
    <subfield code="r">2026-04-27 12:10:21</subfield>
    <subfield code="t">20145895</subfield>
    <subfield code="w">2015-04-07</subfield>
    <subfield code="y">LL</subfield>
  </datafield>
  <datafield tag="952" ind1=" " ind2=" ">
    <subfield code="0">0</subfield>
    <subfield code="1">0</subfield>
    <subfield code="2">lcc</subfield>
    <subfield code="4">0</subfield>
    <subfield code="7">0</subfield>
    <subfield code="a">UOE</subfield>
    <subfield code="b">UOE</subfield>
    <subfield code="c">GEN</subfield>
    <subfield code="d">2015-04-07</subfield>
    <subfield code="l">0</subfield>
    <subfield code="o">SD45 .A4 no. 59 1982</subfield>
    <subfield code="p">20139382</subfield>
    <subfield code="r">2026-04-27 12:10:21</subfield>
    <subfield code="t">20139382</subfield>
    <subfield code="w">2015-04-07</subfield>
    <subfield code="y">LL</subfield>
  </datafield>
  <datafield tag="952" ind1=" " ind2=" ">
    <subfield code="0">0</subfield>
    <subfield code="1">0</subfield>
    <subfield code="2">lcc</subfield>
    <subfield code="4">0</subfield>
    <subfield code="7">0</subfield>
    <subfield code="a">UOE</subfield>
    <subfield code="b">UOE</subfield>
    <subfield code="c">GEN</subfield>
    <subfield code="d">2015-04-07</subfield>
    <subfield code="l">0</subfield>
    <subfield code="o">SD45 .A4 no. 59 1982</subfield>
    <subfield code="p">20139354</subfield>
    <subfield code="r">2026-04-27 12:10:22</subfield>
    <subfield code="t">20139354</subfield>
    <subfield code="w">2015-04-07</subfield>
    <subfield code="y">LL</subfield>
  </datafield>
  <datafield tag="952" ind1=" " ind2=" ">
    <subfield code="0">0</subfield>
    <subfield code="1">0</subfield>
    <subfield code="2">lcc</subfield>
    <subfield code="4">0</subfield>
    <subfield code="7">0</subfield>
    <subfield code="a">UOE</subfield>
    <subfield code="b">UOE</subfield>
    <subfield code="c">GEN</subfield>
    <subfield code="d">2015-04-07</subfield>
    <subfield code="l">0</subfield>
    <subfield code="o">SD45 .A4 no. 59 1982</subfield>
    <subfield code="p">10062530</subfield>
    <subfield code="r">2026-04-27 12:10:21</subfield>
    <subfield code="t">10062530</subfield>
    <subfield code="w">2015-04-07</subfield>
    <subfield code="y">LL</subfield>
  </datafield>
  <datafield tag="952" ind1=" " ind2=" ">
    <subfield code="0">0</subfield>
    <subfield code="1">0</subfield>
    <subfield code="2">lcc</subfield>
    <subfield code="4">0</subfield>
    <subfield code="7">0</subfield>
    <subfield code="a">UOE</subfield>
    <subfield code="b">UOE</subfield>
    <subfield code="c">GEN</subfield>
    <subfield code="d">2015-04-07</subfield>
    <subfield code="l">0</subfield>
    <subfield code="o">SD45 .A4 no. 59 1982</subfield>
    <subfield code="p">20139353</subfield>
    <subfield code="r">2026-04-27 12:10:22</subfield>
    <subfield code="t">20139353</subfield>
    <subfield code="w">2015-04-07</subfield>
    <subfield code="y">LL</subfield>
  </datafield>
  <datafield tag="952" ind1=" " ind2=" ">
    <subfield code="0">0</subfield>
    <subfield code="1">0</subfield>
    <subfield code="2">lcc</subfield>
    <subfield code="4">0</subfield>
    <subfield code="7">0</subfield>
    <subfield code="a">UOE</subfield>
    <subfield code="b">UOE</subfield>
    <subfield code="c">GEN</subfield>
    <subfield code="d">2015-07-03</subfield>
    <subfield code="l">0</subfield>
    <subfield code="o">SD45 .A4 no. 59 1982</subfield>
    <subfield code="p">884010</subfield>
    <subfield code="r">2026-04-27 12:10:21</subfield>
    <subfield code="t">884010</subfield>
    <subfield code="w">2015-07-03</subfield>
    <subfield code="y">LL</subfield>
  </datafield>
</record>
